000 00294nam a22001337a 4500
008 180928b xxu||||| |||| 00| 0 eng d
020 _a9780137573783
041 _aeng
080 _a339.138
100 _a60
101 _aMAR
245 _aBusiness Marketing
_cBrierty, E.G
942 _2udc
_cBK
999 _c48656
_d48656